| 000 | 00990nam a22002177a 4500 | ||
|---|---|---|---|
| 999 |
_c21240 _d21240 |
||
| 003 | AR-CdUCM | ||
| 008 | 190321b ||||| |||| 00| 0 spa d | ||
| 040 |
_aMUNICIPALIDAD PROVINCIAL DEL CUSCO _cBIBLIOTECA MUNICIPAL DEL CUSCO |
||
| 082 |
_a669.9 / L59 _bL59 |
||
| 245 |
_aLibro de ponencia y resúmenes : _bVII Congreso internacional Latinometalurgia Metalurgia con responsabilidad ambiental y social / |
||
| 260 |
_aCusco : _bDann'ys Graff, _c2017. |
||
| 300 |
_a375 páginas ; _bIlustraciones, _c30 cm. |
||
| 505 | _aContenido: Determinación del índice geoquímico de pórfidos cupríferos con alteración propilítica y su influencia en las propiedades físico mecánicas de las rocas -- Actividad minera y desarrollo sostenible en provincias altas de la región Cusco ... | ||
| 650 |
_aMetalurgia física _922485 |
||
| 650 |
_aMetalurgia _919102 |
||
| 650 |
_aMinerales _944372 |
||
| 650 |
_aCongresos _92448 |
||
| 710 |
_aCONCYTEC _92809 |
||
| 942 |
_2ddc _cLIBROS |
||
| 945 | _aRoel | ||